Stochastické modely merania

Gespeichert in:
Bibliographische Detailangaben
Hauptverfasser: Wimmer, Gejza (Verfasst von), Palenčár, Rudolf, 1949- (Verfasst von), Witkovský, Viktor (Verfasst von)
Format: Buch
Sprache:Slowakisch
Veröffentlicht: Bratislava : Ing. Peter Juriga - Grafické štúdio, 2001
Schlagworte:
Tags: Tag hinzufügen
Keine Tags, Fügen Sie das erste Tag hinzu!

MARC

LEADER 00000nam a22000003a 4500
001 stu61399
005 20220401125832.5
008 011010s2001------------------------slo-d
020 |a 80-968449-2-X 
040 |a STU  |b slo 
041 0 |a slo 
080 |a 53.08 
080 |a 389 
080 |a 519.22/.25 
080 |a 519.6 
084 |a A0620  |2 INS 
084 |a B7100  |2 INS 
084 |a C1140  |2 INS 
100 1 |a Wimmer, Gejza  |4 aut 
245 1 |a Stochastické modely merania 
260 |a Bratislava :  |b Ing. Peter Juriga - Grafické štúdio,  |c 2001 
300 |a 115 s 
650 7 |a štatistika  |2 stusub 
650 7 |a meranie  |2 stusub 
650 7 |a metrológia  |2 stusub 
650 7 |a metrológia  |2 stusub 
650 7 |a skúšobníctvo  |2 stusub 
650 7 |a akreditácia  |2 stusub 
650 7 |a modelovanie  |2 stusub 
650 7 |a plánovanie experimentov  |2 stusub 
700 1 |a Palenčár, Rudolf,  |d 1949-  |4 aut  |u J110  |U SjF Ústav automatizácie, merania a aplikovanej informatiky  |T SjF Katedra automatizácie, informačnej a prístrojovej techniky  |X 2375  |U J110  |Y 37  |7 A000002375 
700 1 |a Witkovský, Viktor  |4 aut 
996 |b 284EK84067  |c E*84067  |l EE12  |s P  |a 0  |w stu61399_0001 
996 |b 284EK84111  |c E*84111  |l EE01  |s A  |a 24  |w stu61399_0002